000 00595nam a22001817a 4500
003 OSt
005 20260506062320.0
008 260506b |||||||| |||| 00| 0 eng d
020 _a9789710506217
040 _aDWCL Main Lib.
_cOC
082 _aRes. 371.26 A386a 2009
100 _aAlferes, Merle S.
_eAuthor
245 _aAll college admission tests reviewer /
_cMerle S. Alferes
260 _aCainta, Rizal, Philippines :
_bMSA Publishing House,
_cc2009
300 _a167 pages :
_billustrations ;
_c26cm.
650 _a1. Educational test -- Measurement test.
942 _2ddc
_cBK-0 CIRC
_n0
999 _c10278
_d10278